FC Barcelona Kader 25/26 - Statistiken

Allgemein
  • Dieses Quiz wurde 658 mal gespielt
  • Das Durchschnittsergebnis liegt bei 18 aus 23
Antwortstatistiken
Rückennummer Position Spieler % Korrekt
10 RF Lamine Yamal
97%
1 TW Marc-André ter Stegen
97%
8 ZM Pedri
96%
9 ST Robert Lewandowski
95%
6 ZM Gavi
89%
7 ST Ferran Torres
87%
3 LV Alejandro Balde
86%
13 TW Joan García
85%
23 RV Jules Koundé
85%
24 IV Eric García
84%
11 LF Raphinha
84%
5 IV Pau Cubarsí
82%
21 ZM Frenkie de Jong
81%
4 IV Ronald Araujo
80%
20 ZOM Dani Olmo
75%
16 ZOM Fermín López
74%
14 LF Marcus Rashford
73%
18 LV Gerard Martín
61%
15 IV Andreas Christensen
57%
17 ZDM Marc Casadó
56%
22 ZDM Marc Bernal
55%
25 TW Wojciech Szczesny
42%
28 RF Roony Bardghji
30%
Keine übereinstimmenden Quizze gefunden
Verteilung der Resultate
Anzahl Personen mit jedem Resultat
Perzentil nach korrekt beantworteten Fragen
Ihre Resultats-Entwicklung
Sie haben dieses Quiz noch nicht gespielt